[Event "DEM U12/U12w 2000"]
[Site "Überlingen GER"]
[Date "2000.06.04"]
[Round "1"]
[White "Dietzen, Corinna"]
[Black "Schiwarth, Nino"]
[Result "0-1"]
[Termination "normal"]
[Board "46"]
[WhiteElo "385"]
[BlackElo "1096"]
[PlyCount "82"]
[WhiteFideId "24621021"]
[EventCountry "GER"]
[EventRounds "11"]
[EventType "swiss"]
[EventDate "2000.06.03"]

1. e4 c5 2. Bc4 d6 3. d3 Nf6 4. h3 g6 5. b3 Bg7 6. Bb2 O-O 7. Nf3 Bd7 8. a4 Bc6
9. Qe2 a6 10. d4 Bxe4 11. dxc5 Qa5+ 12. Bc3 Qxc5 13. Bxf6 Bxf3 14. Qxf3 Bxf6
15. Qxb7 Ra7 16. Qf3 Qe5+ 17. Be2 Qxa1 18. O-O Qe5 19. Re1 Nd7 20. Nd2 Qc3 21.
Qd5 Nb6 22. Qd3 Qxd3 23. Bxd3 Bc3 24. Rd1 Bxd2 25. Rxd2 a5 26. Bc4 Nxc4 27.
bxc4 Rc8 28. Rd4 Rac7 29. Rd5 Rc5 30. Rd3 Rxc4 31. Re3 e6 32. Rd3 d5 33. Ra3
Rxc2 34. f3 Rd2 35. Re3 Rcc2 36. f4 Rxg2+ 37. Kf1 Rgf2+ 38. Ke1 Rxf4 39. Kd1
Ra2 40. Kc1 Rf1+ 41. Re1 Rxe1# 0-1

[Event "DEM U12/U12w 2000"]
[Site "Überlingen GER"]
[Date "2000.06.04"]
[Round "1"]
[White "Klaiber, Markus"]
[Black "Bodenschatz, Monique"]
[Result "1-0"]
[Termination "normal"]
[Board "47"]
[WhiteElo "1078"]
[BlackElo "350"]
[PlyCount "123"]
[EventCountry "GER"]
[EventRounds "11"]
[EventType "swiss"]
[EventDate "2000.06.03"]

1. e4 c6 2. Nf3 Nf6 3. Nc3 d5 4. exd5 Nxd5 5. Nxd5 cxd5 6. d4 Bg4 7. h3 Bxf3 8.
Qxf3 Nc6 9. Be3 e5 10. dxe5 Nxe5 11. Bb5+ Nc6 12. O-O-O a6 13. Ba4 b5 14. Bb3
Ne5 15. Qxd5 Qxd5 16. Bxd5 Rd8 17. f4 Nd7 18. Bb6 Nxb6 19. Bxf7+ Ke7 20. Rhe1+
Kxf7 21. Rxd8 Bb4 22. Rxh8 Bxe1 23. Rxh7 Bg3 24. f5 Bf4+ 25. Kd1 Nc4 26. b3
Ne3+ 27. Ke2 Nxf5 28. g4 Nd4+ 29. Kd3 Nf3 30. Rh5 Ne1+ 31. Ke2 Nxc2 32. Rf5+
Ke6 33. Rxf4 Ke5 34. Rf7 Nd4+ 35. Kd3 g6 36. Rg7 Ne6 37. Re7 Kf6 38. Rxe6+ Kxe6
39. h4 a5 40. h5 gxh5 41. gxh5 Kf6 42. Kd4 a4 43. Kc5 axb3 44. axb3 Kg5 45.
Kxb5 Kxh5 46. Kc6 Kg6 47. b4 Kf7 48. b5 Ke8 49. Kc7 Ke7 50. b6 Ke8 51. b7 Ke7
52. b8=Q Ke6 53. Qd8 Ke5 54. Kc6 Ke4 55. Kc5 Ke3 56. Kc4 Ke2 57. Qd3+ Kf2 58.
Kd4 Ke1 59. Qc2 Kf1 60. Ke3 Kg1 61. Kf3 Kh1 62. Qg2# 1-0

[Event "DEM U12/U12w 2000"]
[Site "Überlingen GER"]
[Date "2000.06.05"]
[Round "3"]
[White "Babczyk, Adrian"]
[Black "Braun, Arik"]
[Result "0-1"]
[Termination "normal"]
[Board "1"]
[WhiteElo "1407"]
[BlackElo "2139"]
[PlyCount "50"]
[WhiteFideId "24608700"]
[BlackFideId "4663527"]
[EventCountry "GER"]
[EventRounds "11"]
[EventType "swiss"]
[EventDate "2000.06.03"]

1. e4 e6 2. d4 d5 3. e5 c5 4. c3 Nc6 5. Nf3 Qb6 6. a3 c4 7. g3 f6 8. exf6 Nxf6
9. Bh3 Bd7 10. O-O O-O-O 11. Re1 Re8 12. Nbd2 Bd6 13. Rb1 e5 14. dxe5 Nxe5 15.
Nxe5 Bxh3 16. Nf7 Bc5 17. Re2 Rxe2 18. Qxe2 Re8 19. Ne5 Ng4 20. Ndf3 Bxf2+ 21.
Kh1 Nxe5 22. Nxe5 Bf5 23. Nxc4 Rxe2 24. Nxb6+ axb6 25. Ra1 Be4# 0-1

[Event "DEM U12/U12w 2000"]
[Site "Überlingen GER"]
[Date "2000.06.05"]
[Round "3"]
[White "Figura, Atila"]
[Black "Fervers, Lukas"]
[Result "1/2-1/2"]
[Termination "normal"]
[Board "2"]
[WhiteElo "1789"]
[BlackElo "1359"]
[PlyCount "50"]
[WhiteFideId "4688058"]
[EventCountry "GER"]
[EventRounds "11"]
[EventType "swiss"]
[EventDate "2000.06.03"]

1. d4 f5 2. Nf3 e6 3. g3 Nf6 4. Bg2 d5 5. O-O Bd6 6. b3 O-O 7. Bb2 c6 8. Nbd2
Nbd7 9. Ne5 Bc7 10. Ndf3 Ne4 11. Nxd7 Bxd7 12. Ne5 Be8 13. a4 Nd6 14. Ba3 Kh8
15. Qd3 Rg8 16. Qe3 Nf7 17. Nd3 Bd7 18. Bb2 b6 19. b4 Re8 20. Ne5 Nxe5 21. dxe5
Qe7 22. Ba3 Qf7 23. f4 a6 24. Rfc1 b5 25. a5 Bb8 1/2-1/2

[Event "DEM U12/U12w 2000"]
[Site "Überlingen GER"]
[Date "2000.06.05"]
[Round "3"]
[White "Cara, Bogdan"]
[Black "Armbrust, Florian"]
[Result "0-1"]
[Termination "normal"]
[Board "3"]
[WhiteElo "1376"]
[BlackElo "1747"]
[PlyCount "66"]
[BlackFideId "4691350"]
[EventCountry "GER"]
[EventRounds "11"]
[EventType "swiss"]
[EventDate "2000.06.03"]

1. e4 c5 2. c3 d5 3. exd5 Qxd5 4. d4 Nc6 5. Nf3 cxd4 6. cxd4 e5 7. Be3 e4 8.
Nc3 Bb4 9. Nd2 Bxc3 10. bxc3 Nf6 11. Bc4 Qa5 12. Qc2 O-O 13. O-O Bf5 14. Rab1
Qc7 15. h3 Qd7 16. Kh2 Ne7 17. Rh1 Ng6 18. Kg1 h6 19. g4 Bxg4 20. hxg4 Qxg4+
21. Kf1 Nh4 22. Rg1 Qh3+ 23. Ke2 Rac8 24. Rxb7 Ng2 25. Nxe4 Nxe4 26. Qxe4 Nxe3
27. fxe3 Rxc4 28. Kd3 Rfc8 29. Rc1 a6 30. Ra7 Qh5 31. Rb7 Rxc3+ 32. Kd2 Qh2+
33. Kd1 Rxc1# 0-1

[Event "DEM U12/U12w 2000"]
[Site "Überlingen GER"]
[Date "2000.06.05"]
[Round "3"]
[White "Abel, Dennes"]
[Black "Behm, Simon"]
[Result "1/2-1/2"]
[Termination "normal"]
[Board "4"]
[WhiteElo "1348"]
[BlackElo "1712"]
[PlyCount "44"]
[WhiteFideId "24605417"]
[BlackFideId "4691962"]
[EventCountry "GER"]
[EventRounds "11"]
[EventType "swiss"]
[EventDate "2000.06.03"]

1. d4 d5 2. c4 c6 3. Nc3 Nf6 4. e3 Bf5 5. Nf3 e6 6. Be2 Bd6 7. O-O Nbd7 8. Bd2
dxc4 9. Bxc4 O-O 10. Re1 Bg6 11. Qb3 Qc7 12. e4 e5 13. d5 Nc5 14. Qd1 Nfxe4 15.
Nxe4 Nxe4 16. dxc6 Qxc6 17. Rc1 Qe8 18. Be3 Qe7 19. Qb3 Kh8 20. Bd5 Rfb8 21.
Bxe4 Bxe4 22. Bg5 f6 1/2-1/2

[Event "DEM U12/U12w 2000"]
[Site "Überlingen GER"]
[Date "2000.06.05"]
[Round "3"]
[White "Wenger, Carsten"]
[Black "Hofmann, Annett"]
[Result "1-0"]
[Termination "normal"]
[Board "5"]
[WhiteElo "1567"]
[BlackElo "1326"]
[PlyCount "151"]
[BlackFideId "24603759"]
[EventCountry "GER"]
[EventRounds "11"]
[EventType "swiss"]
[EventDate "2000.06.03"]

1. e4 d5 2. exd5 Qxd5 3. d4 Nc6 4. Be3 Nf6 5. c4 Qd8 6. Nc3 Bf5 7. Nf3 e6 8.
Qa4 Qd7 9. Rd1 Bb4 10. a3 Bxc3+ 11. bxc3 Ne4 12. Qb3 b6 13. Nh4 Bg6 14. Nxg6
hxg6 15. Be2 a5 16. Bf3 a4 17. Qb4 Ra5 18. Qb2 Nd6 19. c5 Nc4 20. Qc1 b5 21.
Be2 Nxe3 22. Qxe3 Qe7 23. Qe4 Nd8 24. Qe5 Kf8 25. Bd3 Nc6 26. Qe2 Na7 27. Qf3
Qf6 28. Qa8+ Ke7 29. Qxh8 Nc6 30. O-O Nd8 31. Qh3 c6 32. Qg3 Ra7 33. Be4 Rd7
34. Qf3 Qxf3 35. Bxf3 g5 36. Rfe1 Kf8 37. Re5 f6 38. Re3 Kf7 39. Rde1 Re7 40.
Bg4 g6 41. Bd1 Nb7 42. Bc2 Na5 43. Ra1 Nc4 44. Re2 f5 45. Bd3 Na5 46. Rae1 Kf6
47. Bb1 Nb7 48. Ba2 Nd8 49. Re3 Re8 50. Kf1 g4 51. Ke2 Nf7 52. Kd3 Ng5 53. c4
bxc4+ 54. Kxc4 Ne4 55. f3 Ng5 56. Kb4 Rd8 57. Kc3 Re8 58. Rb1 f4 59. Re2 gxf3
60. gxf3 Rh8 61. Rf2 Rh3 62. Rbf1 Ne4+ 63. Kb4 Nxf2 64. Rxf2 e5 65. dxe5+ Kxe5
66. Kxa4 Kd4 67. Be6 Rh5 68. Rg2 Kxc5 69. Rxg6 Rxh2 70. Bd7 Rf2 71. Bxc6 Rd2
72. Be4 Rd4+ 73. Kb3 Rd8 74. a4 Rb8+ 75. Kc3 Rf8 76. Rc6# 1-0

[Event "DEM U12/U12w 2000"]
[Site "Überlingen GER"]
[Date "2000.06.05"]
[Round "3"]
[White "Christiansen, Claes"]
[Black "Siebarth, Raiko"]
[Result "0-1"]
[Termination "normal"]
[Board "7"]
[WhiteElo "1248"]
[BlackElo "1488"]
[PlyCount "84"]
[BlackFideId "4674766"]
[EventCountry "GER"]
[EventRounds "11"]
[EventType "swiss"]
[EventDate "2000.06.03"]

1. e4 c5 2. Nc3 Nc6 3. d3 d6 4. g3 Nf6 5. Bg2 e6 6. f4 Be7 7. Nf3 O-O 8. O-O a6
9. Kh1 d5 10. e5 Nd7 11. g4 b5 12. Ne2 Bb7 13. Ng3 d4 14. Qe2 Qc7 15. Bd2 Nb6
16. f5 Nd5 17. Ng5 Bxg5 18. Bxg5 Qxe5 19. Ne4 h6 20. Bh4 Nf4 21. Qd2 Nxg2 22.
Qxg2 Na5 23. Kg1 Bxe4 24. dxe4 Nc4 25. Bg3 Qf6 26. Qe2 Ne3 27. e5 Qg5 28. Rf4
exf5 29. h4 Qe7 30. g5 hxg5 31. hxg5 Qxg5 32. Qh2 Ng4 33. Qh3 Nxe5 34. Rh4 Nf3+
35. Kf2 Nxh4 36. Rh1 Qe3+ 37. Kf1 Qf3+ 38. Ke1 Rfe8+ 39. Kd2 g5 40. Rf1 Qe3+
41. Kd1 Qe2+ 42. Kc1 Qg2 0-1

[Event "DEM U12/U12w 2000"]
[Site "Überlingen GER"]
[Date "2000.06.05"]
[Round "3"]
[White "Rehberg, Raphael"]
[Black "von der Ahe, Florian"]
[Result "1/2-1/2"]
[Termination "normal"]
[Board "8"]
[WhiteElo "1483"]
[BlackElo "1132"]
[PlyCount "120"]
[WhiteFideId "4686799"]
[BlackFideId "12970506"]
[EventCountry "GER"]
[EventRounds "11"]
[EventType "swiss"]
[EventDate "2000.06.03"]

1. e4 c5 2. Nf3 Nc6 3. d4 cxd4 4. Nxd4 Nf6 5. Nc3 e6 6. Bg5 Be7 7. Nxc6 bxc6 8.
e5 Nd5 9. Bxe7 Qxe7 10. Qd2 Qb4 11. Nxd5 Qxd2+ 12. Kxd2 cxd5 13. c4 dxc4 14.
Bxc4 O-O 15. Rhd1 Bb7 16. g3 Rab8 17. b3 Rfd8 18. Ke3 f6 19. Rxd7 Rxd7 20.
Bxe6+ Kf8 21. Bxd7 Ke7 22. Rd1 Rd8 23. exf6+ Kxf6 24. Bg4 Re8+ 25. Kd2 Kg5 26.
Be2 Rd8+ 27. Kc3 Rc8+ 28. Kb2 Be4 29. Bc4 Rf8 30. f4+ Kg4 31. Rd7 Kh3 32. Rxa7
Kxh2 33. Rxg7 Bg6 34. Be6 Rf6 35. Bd7 Be4 36. Kc3 Rd6 37. f5 Rd3+ 38. Kb4 Rd4+
39. Ka3 Rd5 40. f6 Ra5+ 41. Kb2 Ra8 42. f7 Rf8 43. Be8 Bd5 44. Rg8 Rxg8 45.
fxg8=Q Bxg8 46. b4 Kxg3 47. b5 Be6 48. Bc6 Kf4 49. b6 Bc8 50. b7 Bxb7 51. Bxb7
Ke5 52. a4 Kd6 53. a5 Kc7 54. a6 h5 55. Kc3 Kb6 56. Kb4 h4 57. Kc4 h3 58. Kb4
h2 59. Kc4 h1=Q 60. Bxh1 Kxa6 1/2-1/2

[Event "DEM U12/U12w 2000"]
[Site "Überlingen GER"]
[Date "2000.06.05"]
[Round "3"]
[White "Schiwarth, Nino"]
[Black "Blome, Thomas"]
[Result "1/2-1/2"]
[Termination "normal"]
[Board "9"]
[WhiteElo "1096"]
[BlackElo "1465"]
[PlyCount "44"]
[EventCountry "GER"]
[EventRounds "11"]
[EventType "swiss"]
[EventDate "2000.06.03"]

1. e4 c5 2. Nf3 Nc6 3. d4 cxd4 4. Nxd4 Nf6 5. Nc3 d6 6. Be3 e6 7. f3 Be7 8. Qd2
O-O 9. Bc4 a6 10. h4 Qc7 11. Bb3 b5 12. h5 Ne5 13. g4 Nc4 14. Bxc4 Qxc4 15. g5
Ne8 16. Kf2 g6 17. Rh2 Ng7 18. Rah1 Nxh5 19. Nce2 Kg7 20. Ng3 Rh8 21. Nxh5+
gxh5 22. Rxh5 Bd7 1/2-1/2

[Event "DEM U12/U12w 2000"]
[Site "Überlingen GER"]
[Date "2000.06.05"]
[Round "3"]
[White "Frübing, Stefan"]
[Black "Biller, Eugen"]
[Result "1-0"]
[Termination "normal"]
[Board "10"]
[WhiteElo "1724"]
[BlackElo "1273"]
[PlyCount "99"]
[WhiteFideId "4682165"]
[EventCountry "GER"]
[EventRounds "11"]
[EventType "swiss"]
[EventDate "2000.06.03"]

1. e4 d5 2. exd5 Qxd5 3. Nc3 Qa5 4. d4 c6 5. Bc4 Nf6 6. Nf3 Bf5 7. O-O e6 8.
Bf4 Be7 9. h3 O-O 10. Bb3 Qd8 11. Qe2 Bd6 12. Ne5 Nd5 13. Nxd5 exd5 14. Bh2 Re8
15. Qd2 Qc7 16. Rfe1 Nd7 17. Nf3 Bxh2+ 18. Nxh2 Nf6 19. Rxe8+ Rxe8 20. Re1 Qd7
21. Nf3 h6 22. Ne5 Qd8 23. Qf4 Bh7 24. Re3 Qc7 25. c4 a6 26. cxd5 cxd5 27. Rc3
Qe7 28. Rf3 Be4 29. Rc3 Qd6 30. Rg3 Kh7 31. Qh4 Qe7 32. Rc3 Kg8 33. Qf4 Qd6 34.
Qc1 Nd7 35. Nxd7 Qxd7 36. Rc7 Qb5 37. Qf4 Bg6 38. Rc5 Re1+ 39. Kh2 Qf1 40. Bxd5
Qh1+ 41. Kg3 Rg1 42. Rc8+ Kh7 43. Be4 f5 44. Bxb7 h5 45. Qb8 Kh6 46. Rh8+ Bh7
47. Qd6+ g6 48. Qf8+ Kg5 49. Qe7+ Kh6 50. Rxh7# 1-0

[Event "DEM U12/U12w 2000"]
[Site "Überlingen GER"]
[Date "2000.06.05"]
[Round "3"]
[White "Brener, Ilja"]
[Black "Berner, Stephan"]
[Result "1/2-1/2"]
[Termination "normal"]
[Board "11"]
[WhiteElo "1701"]
[BlackElo "1076"]
[PlyCount "64"]
[WhiteFideId "4688201"]
[BlackFideId "24613126"]
[EventCountry "GER"]
[EventRounds "11"]
[EventType "swiss"]
[EventDate "2000.06.03"]

1. d4 c6 2. c4 Nf6 3. Nc3 d5 4. cxd5 cxd5 5. Bf4 Bf5 6. e3 a6 7. Nf3 e6 8. h3
Be7 9. Be2 Nbd7 10. O-O Rc8 11. Bd3 Bxd3 12. Qxd3 O-O 13. Rfc1 b5 14. Ne2 Qb6
15. Nd2 Qb7 16. Nb3 Rfe8 17. f3 h6 18. Bg3 Nh5 19. Bh2 Qb6 20. Nf4 Nxf4 21.
Bxf4 Rc4 22. Nd2 Rcc8 23. Nb3 Rc4 24. Nd2 Rcc8 25. a3 a5 26. Bg3 a4 27. Nf1 Nf6
28. Be1 Rc6 29. Rxc6 Qxc6 30. Bd2 Qc4 31. Qxc4 bxc4 32. Bc3 Bd6 1/2-1/2

[Event "DEM U12/U12w 2000"]
[Site "Überlingen GER"]
[Date "2000.06.05"]
[Round "3"]
[White "Köhn, Kai-Uwe"]
[Black "Rathke, Jens"]
[Result "1/2-1/2"]
[Termination "normal"]
[Board "12"]
[WhiteElo "1389"]
[BlackElo "1257"]
[PlyCount "31"]
[EventCountry "GER"]
[EventRounds "11"]
[EventType "swiss"]
[EventDate "2000.06.03"]

1. d4 Nf6 2. c4 g6 3. Nc3 Bg7 4. e4 d6 5. f3 O-O 6. Bd3 c5 7. d5 Na6 8. a3 Nc7
9. Be3 Bd7 10. Nge2 a6 11. b4 cxb4 12. axb4 b5 13. c5 dxc5 14. Bxc5 Re8 15. O-O
Kh8 16. Rc1 1/2-1/2

[Event "DEM U12/U12w 2000"]
[Site "Überlingen GER"]
[Date "2000.06.05"]
[Round "3"]
[White "Hummel, Helmut"]
[Black "Mijatovic, Vladimir"]
[Result "0-1"]
[Termination "normal"]
[Board "13"]
[WhiteElo "682"]
[BlackElo "1389"]
[PlyCount "114"]
[BlackFideId "934062"]
[EventCountry "GER"]
[EventRounds "11"]
[EventType "swiss"]
[EventDate "2000.06.03"]

1. e4 c5 2. Nf3 d6 3. d4 cxd4 4. Nxd4 Nf6 5. Nc3 a6 6. a4 b6 7. g3 Bb7 8. Bg2
Qc7 9. O-O Nc6 10. Nf5 e6 11. Ne3 Be7 12. Ng4 O-O 13. Ne3 Rac8 14. Bd2 Rfd8 15.
Qe2 Nb4 16. Nb5 axb5 17. Bxb4 bxa4 18. Rxa4 Bxe4 19. c3 Qc6 20. Ra7 Bxg2 21.
Nxg2 Rc7 22. Rfa1 Nd5 23. Rxc7 Qxc7 24. Qb5 Nxb4 25. Qxb4 d5 26. Qd4 Qc5 27.
Qe5 d4 28. cxd4 Qxd4 29. Qe2 Bf6 30. Rb1 Qd2 31. Qb5 Qc2 32. Ra1 Qxb2 33. Qxb2
Bxb2 34. Rb1 Bd4 35. Nf4 g6 36. Ne2 Bc5 37. Nc3 Rd2 38. Ne4 Re2 39. Nxc5 bxc5
40. Rc1 Re5 41. f4 Rd5 42. Kg2 Kg7 43. Kf3 f5 44. Ke3 Kf6 45. h4 h6 46. Rc4 g5
47. h5 gxf4+ 48. gxf4 e5 49. fxe5+ Rxe5+ 50. Kf4 Re4+ 51. Rxe4 fxe4 52. Kxe4
Kg5 53. Kd5 Kxh5 54. Kxc5 Kg4 55. Kd4 h5 56. Ke3 Kg3 57. Ke2 Kg2 0-1

[Event "DEM U12/U12w 2000"]
[Site "Überlingen GER"]
[Date "2000.06.05"]
[Round "3"]
[White "Klaiber, Markus"]
[Black "Kulakov, Yurij"]
[Result "0-1"]
[Termination "normal"]
[Board "14"]
[WhiteElo "1078"]
[BlackElo "1338"]
[PlyCount "46"]
[EventCountry "GER"]
[EventRounds "11"]
[EventType "swiss"]
[EventDate "2000.06.03"]

1. e4 c5 2. Nf3 d6 3. g3 Nf6 4. Nc3 g6 5. Bg2 Bg7 6. O-O O-O 7. d4 cxd4 8. Nxd4
Nc6 9. Nxc6 bxc6 10. e5 Ne8 11. Bxc6 Rb8 12. Bxe8 Rxe8 13. exd6 exd6 14. Qd3
Bh3 15. Rd1 Rb6 16. b3 Rc6 17. Bd2 Qc8 18. Nb5 Bxa1 19. Nxa7 Qb7 20. Nxc6 Qxc6
21. f3 Bg7 22. Bb4 Qb6+ 23. Kh1 Qxb4 0-1

[Event "DEM U12/U12w 2000"]
[Site "Überlingen GER"]
[Date "2000.06.05"]
[Round "3"]
[White "Dück, Stefan"]
[Black "Dathe, Fabian"]
[Result "1-0"]
[Termination "normal"]
[Board "16"]
[WhiteElo "1740"]
[BlackElo "1004"]
[PlyCount "119"]
[WhiteFideId "4681355"]
[EventCountry "GER"]
[EventRounds "11"]
[EventType "swiss"]
[EventDate "2000.06.03"]

1. e4 e5 2. Nf3 Nc6 3. d4 exd4 4. Bc4 Be7 5. O-O d6 6. Nxd4 Nxd4 7. Qxd4 Nf6 8.
Re1 O-O 9. Nc3 Re8 10. Bf4 Bg4 11. Nd5 Nxd5 12. Bxd5 c6 13. Bb3 Bf6 14. Qxd6
Qxd6 15. Bxd6 Bxb2 16. Rab1 Bd4 17. Bc4 Bb6 18. Kf1 Rad8 19. e5 Ba5 20. Rxb7
Be6 21. Bxe6 Rxe6 22. Reb1 Bb6 23. c4 Bd4 24. Rb8 Ree8 25. Rxd8 Rxd8 26. c5 f6
27. e6 Re8 28. e7 f5 29. Rb7 Bf6 30. Rxa7 Kf7 31. Ke2 Bxe7 32. Kd3 Ke6 33.
Rxe7+ Rxe7 34. Bxe7 Kxe7 35. f4 g6 36. Kd4 Ke6 37. h4 h6 38. g3 h5 39. a3 Kf6
40. a4 Ke6 41. a5 Kd7 42. Ke5 Kc7 43. Kf6 Kb7 44. Kxg6 Ka6 45. Kxf5 Kxa5 46.
Ke6 Ka6 47. f5 Ka7 48. f6 Ka6 49. f7 Ka5 50. f8=Q Kb5 51. Kd6 Kb4 52. Kxc6 Kc4
53. Qf4+ Kd3 54. Kb5 Kc3 55. Qe4 Kb3 56. Qd3+ Kb2 57. Kb4 Ka2 58. Qe2+ Ka1 59.
Kb3 Kb1 60. Qd1# 1-0

[Event "DEM U12/U12w 2000"]
[Site "Überlingen GER"]
[Date "2000.06.05"]
[Round "3"]
[White "Großmann, Susan"]
[Black "Zelba, Maurizio"]
[Result "0-1"]
[Termination "normal"]
[Board "17"]
[WhiteElo "1022"]
[BlackElo "1728"]
[PlyCount "98"]
[WhiteFideId "24608220"]
[BlackFideId "4677390"]
[EventCountry "GER"]
[EventRounds "11"]
[EventType "swiss"]
[EventDate "2000.06.03"]

1. e4 c5 2. d4 cxd4 3. c3 dxc3 4. Nxc3 Nc6 5. Nf3 e6 6. Bc4 a6 7. O-O b5 8. Bb3
d6 9. Qe2 Nf6 10. Rd1 Qc7 11. Be3 Be7 12. Rac1 Bb7 13. h3 O-O 14. Qd3 Rac8 15.
Nd4 Ne5 16. Qc2 b4 17. Nce2 Qxc2 18. Rxc2 Rxc2 19. Nxc2 Nxe4 20. Nxb4 d5 21.
Nc2 Rc8 22. Bd4 Nc6 23. Bc3 Nxc3 24. Nxc3 Na5 25. Ba4 Nc4 26. Ne2 Nxb2 27. Rb1
Nxa4 28. Rxb7 Rxc2 29. Rxe7 Kf8 30. Ra7 Rxe2 31. Rxa6 Rxa2 32. Kf1 Nc3 33. Rxa2
Nxa2 34. Ke2 Ke7 35. Ke3 Kd6 36. f3 e5 37. Kd3 f5 38. g3 e4+ 39. fxe4 fxe4+ 40.
Kd4 g6 41. g4 g5 42. Ke3 Ke5 43. Kd2 d4 44. Ke2 d3+ 45. Ke3 h6 46. Kd2 Kd4 47.
Ke1 Ke3 48. Kd1 d2 49. h4 Nc3+ 0-1

[Event "DEM U12/U12w 2000"]
[Site "Überlingen GER"]
[Date "2000.06.05"]
[Round "3"]
[White "Glowna, Uwe"]
[Black "Bäumler, Ilja"]
[Result "0-1"]
[Termination "normal"]
[Board "18"]
[WhiteElo "1001"]
[BlackElo "1687"]
[PlyCount "50"]
[BlackFideId "4681070"]
[EventCountry "GER"]
[EventRounds "11"]
[EventType "swiss"]
[EventDate "2000.06.03"]

1. e4 e6 2. d4 d5 3. e5 c5 4. c3 Nc6 5. f4 Qb6 6. Nf3 cxd4 7. cxd4 Nge7 8. Bd3
Bd7 9. Bc2 Nb4 10. Bd2 Nxc2+ 11. Qxc2 Nf5 12. Bc3 Rc8 13. Qd2 h5 14. h4 Be7 15.
Qf2 Qc7 16. O-O a5 17. Nbd2 b5 18. Rac1 Qb6 19. Nb1 O-O 20. Bd2 b4 21. b3 Bb5
22. Rxc8 Rxc8 23. Rd1 Rc2 24. a4 bxa3 25. Nxa3 Bxa3 0-1

[Event "DEM U12/U12w 2000"]
[Site "Überlingen GER"]
[Date "2000.06.05"]
[Round "3"]
[White "Boss, Igor"]
[Black "Stelter, Christoph"]
[Result "1-0"]
[Termination "normal"]
[Board "19"]
[WhiteElo "1540"]
[BlackElo "959"]
[PlyCount "105"]
[EventCountry "GER"]
[EventRounds "11"]
[EventType "swiss"]
[EventDate "2000.06.03"]

1. d4 Nf6 2. c4 g6 3. Nf3 Bg7 4. Nc3 d6 5. e4 O-O 6. Be2 Nbd7 7. O-O e5 8. Be3
exd4 9. Bxd4 b6 10. Bd3 Bb7 11. h3 Re8 12. Re1 Ne5 13. Nxe5 dxe5 14. Be3 c5 15.
Bg5 Qd6 16. Qf3 a6 17. Rad1 Bc6 18. Bc2 Qe6 19. Nd5 Bxd5 20. cxd5 Qd6 21. Bd3
Rec8 22. Qe2 b5 23. b3 Nd7 24. Be3 Rc7 25. Rc1 Rac8 26. a4 bxa4 27. bxa4 Ra8
28. Rb1 a5 29. Bb5 f5 30. exf5 gxf5 31. Rec1 f4 32. Bd2 Kh8 33. Bc6 Raa7 34.
Qb5 Rc8 35. Bxd7 Qxd7 36. Qxd7 Rxd7 37. Bxa5 Rxd5 38. Bb6 c4 39. a5 c3 40. Rc2
Rd2 41. Rbc1 e4 42. a6 Rxc2 43. Rxc2 Re8 44. a7 Kg8 45. g3 f3 46. Kf1 Kf7 47.
Ke1 Ke6 48. Bc7 Be5 49. Bxe5 Kxe5 50. Rxc3 Ra8 51. Ra3 Kd4 52. Kd2 Ke5 53. Ke3
1-0

[Event "DEM U12/U12w 2000"]
[Site "Überlingen GER"]
[Date "2000.06.05"]
[Round "3"]
[White "Ollenberger, Roland"]
[Black "Opaska, Ines"]
[Result "1-0"]
[Termination "normal"]
[Board "20"]
[WhiteElo "1457"]
[BlackElo "990"]
[PlyCount "69"]
[WhiteFideId "24608440"]
[EventCountry "GER"]
[EventRounds "11"]
[EventType "swiss"]
[EventDate "2000.06.03"]

1. e4 c6 2. d4 d5 3. Nc3 dxe4 4. Bc4 Nf6 5. Bg5 Bf5 6. Nge2 e6 7. Ng3 Bg6 8.
Ncxe4 Be7 9. Bxf6 Bxf6 10. Nxf6+ Qxf6 11. O-O O-O 12. Re1 Nd7 13. Ne4 Qe7 14.
Bd3 Rad8 15. Qe2 b6 16. Rad1 Rfe8 17. Ng3 Bxd3 18. Rxd3 Nf6 19. Re3 Nd5 20. Re4
Nf6 21. Re3 Nd5 22. Rf3 Nc7 23. h3 Qd6 24. c3 c5 25. Ne4 Qd5 26. dxc5 bxc5 27.
Rg3 f5 28. Nf6+ Kf7 29. Nxd5 Nxd5 30. c4 Nf4 31. Qe5 Ng6 32. Qxc5 Rc8 33. Qxa7+
Re7 34. Qa4 Rcc7 35. Qc2 1-0

[Event "DEM U12/U12w 2000"]
[Site "Überlingen GER"]
[Date "2000.06.05"]
[Round "3"]
[White "Reiske, Anne"]
[Black "Brehmer, Johann Hinrich"]
[Result "1/2-1/2"]
[Termination "normal"]
[Board "21"]
[WhiteElo "1337"]
[BlackElo "941"]
[PlyCount "57"]
[WhiteFideId "24635472"]
[EventCountry "GER"]
[EventRounds "11"]
[EventType "swiss"]
[EventDate "2000.06.03"]

1. e4 e5 2. Nf3 Nf6 3. Nxe5 d6 4. Nf3 Nxe4 5. Qe2 Qe7 6. d3 Nf6 7. Bg5 Qxe2+ 8.
Bxe2 Be7 9. Nc3 Nc6 10. O-O O-O 11. Nb5 Ne8 12. Bxe7 Nxe7 13. Rfe1 a6 14. Nc3
Nf6 15. Bf1 Re8 16. Nd2 Bf5 17. Re2 Nc6 18. Rxe8+ Rxe8 19. Nb3 Bg4 20. f3 Be6
21. Ne2 Kf8 22. Ned4 Bxb3 23. Nxb3 Nb4 24. c3 Nbd5 25. Kf2 g5 26. h3 h5 27. g4
h4 28. Re1 Rxe1 29. Kxe1 1/2-1/2

[Event "DEM U12/U12w 2000"]
[Site "Überlingen GER"]
[Date "2000.06.05"]
[Round "3"]
[White "Muelenz, Claudius"]
[Black "Rosenblatt, Marcus"]
[Result "0-1"]
[Termination "normal"]
[Board "23"]
[WhiteElo "1015"]
[BlackElo "1298"]
[PlyCount "86"]
[BlackFideId "24627453"]
[EventCountry "GER"]
[EventRounds "11"]
[EventType "swiss"]
[EventDate "2000.06.03"]

1. d4 Nf6 2. c4 g6 3. Nc3 Bg7 4. e4 d6 5. Nf3 O-O 6. Be2 e5 7. d5 Nbd7 8. O-O
Nc5 9. Qc2 a5 10. h3 Nh5 11. Be3 f5 12. Bd3 f4 13. Bxc5 dxc5 14. Rfd1 g5 15.
Nh2 Nf6 16. Be2 h5 17. Nb5 g4 18. hxg4 hxg4 19. d6 c6 20. Nc7 Ra7 21. Qc3 Nxe4
22. Qd3 Bf5 23. Qa3 Qh4 24. Rf1 g3 25. fxg3 Nxg3 26. Rf2 e4 27. Bf1 Bd4 28. Qb3
Bxf2+ 29. Kxf2 Qxh2 30. Qd1 e3+ 31. Ke1 Nxf1 32. Qf3 Qg3+ 33. Qxg3+ Nxg3 34.
Rd1 Rd8 35. Nd5 cxd5 36. Rxd5 Be4 37. Rg5+ Kf7 38. Rxc5 Rxd6 39. Rc7+ Ke6 40.
c5 Rd2 41. b4 Bc2 42. Re7+ Kxe7 43. a4 Re2# 0-1

[Event "DEM U12/U12w 2000"]
[Site "Überlingen GER"]
[Date "2000.06.05"]
[Round "3"]
[White "Grimberg, Boris"]
[Black "Müller, Christian"]
[Result "1-0"]
[Termination "normal"]
[Board "24"]
[WhiteElo "1278"]
[BlackElo "914"]
[PlyCount "118"]
[WhiteFideId "4697499"]
[EventCountry "GER"]
[EventRounds "11"]
[EventType "swiss"]
[EventDate "2000.06.03"]

1. e4 e6 2. d4 b6 3. Nc3 Bb7 4. Bd3 Bb4 5. Bd2 f5 6. Qe2 Nf6 7. f3 Bxc3 8. bxc3
fxe4 9. fxe4 Nxe4 10. Qf3 Bc6 11. Qg4 Nf6 12. Qg3 d6 13. Nh3 O-O 14. O-O Nbd7
15. Ng5 Re8 16. Qh3 Nf8 17. Rxf6 gxf6 18. Bxh7+ Kg7 19. Nxe6+ Rxe6 20. Bf5 Re7
21. Qg4+ Kh8 22. Qh5+ Nh7 23. Rf1 Qg8 24. Bg6 Rg7 25. Rxf6 Re8 26. Bh6 Nxf6 27.
Bxg7+ Kxg7 28. Qg5 Kh8 29. Qxf6+ Qg7 30. Qxg7+ Kxg7 31. Bxe8 Bxe8 32. Kf2 Bg6
33. g4 Bxc2 34. a3 Kg6 35. Kf3 Bd1+ 36. Kf4 Bb3 37. h4 Bg8 38. h5+ Kh6 39. Kf5
Kg7 40. g5 Bf7 41. g6 Bg8 42. Kg5 c5 43. h6+ Kh8 44. Kf6 cxd4 45. cxd4 d5 46.
Ke5 a5 47. Kd6 b5 48. Kc5 b4 49. axb4 axb4 50. Kxb4 Be6 51. Kc5 Bf5 52. g7+ Kg8
53. Kxd5 Kf7 54. Ke5 Bh7 55. d5 Ke7 56. d6+ Kd7 57. Kf6 Kxd6 58. Kf7 Ke5 59.
g8=Q Bxg8+ 1-0